Southville International School and Colleges
Your cart is empty.
  • Cart
  • Lists
    Public lists Eva Luna New books Lux_list list_1
    Your lists Log in to create your own lists
  • Log in to your account
  • Your cookies
  • Search history
Southville International School and Colleges
  • Advanced search
  • Recent comments
  • Most popular
  • Libraries

Log in to your account

Log in with GOOGLE


If you do not have an external account, but do have a local account, you can still log in:

  1. Home
  2. MARC view: The Usborne introduction to art :
Normal view MARC view ISBD view

The Usborne introduction to art : (Record no. 110309)

[ view plain ]
MARC details
000 -LEADER
fixed length control field 01133nam a2200181 a 4500
005 - DATE AND TIME OF LATEST TRANSACTION
control field 20140414131853.0
008 - FIXED-LENGTH DATA ELEMENTS--GENERAL INFORMATION
fixed length control field 100813s19uu xx 00 eng d
020 ## - INTERNATIONAL STANDARD BOOK NUMBER
International Standard Book Number 0439792029
050 ## - LIBRARY OF CONGRESS CALL NUMBER
Classification number M 700
Item number D53 2005
100 ## - MAIN ENTRY--PERSONAL NAME
Personal name Dickins, Rosie.
245 ## - TITLE STATEMENT
Title The Usborne introduction to art :
Remainder of title in association with the National Gallery, London.
Statement of responsibility, etc Rosie Dickins with Mari Griffith ; art historical advisor, Erika Langmuir ; edited by Jane Chisholm ; designed by Mary Cartwright, Vici Leyhane and Ca
260 ## - PUBLICATION, DISTRIBUTION, ETC. (IMPRINT)
Place of publication, distribution, etc New York :
Name of publisher, distributor, etc Scholastic,
Date of publication, distribution, etc 2005, c2003.
500 ## - GENERAL NOTE
General note Introduction -- Ancient and medieval art -- Renaissance -- Baroque and Rococo -- Revolution -- Modern world -- Behind the scenes. Originally published in 2003 by Usborne Publishing Ltd. Includes index.
520 ## - SUMMARY, ETC.
Summary, etc Detailed introduction to the history of art with Internet links about featured artists and examples of their work and works by related artists.
650 ## - SUBJECT ADDED ENTRY--TOPICAL TERM
Topical term or geographic name as entry element Art appreciation --Juvenile literature.
650 ## - SUBJECT ADDED ENTRY--TOPICAL TERM
Topical term or geographic name as entry element Art --Computer network resources --Juvenile literature.
Holdings
Withdrawn status Lost status Damaged status Home library Current library Shelving location Date acquired Total Checkouts Full call number Barcode Date last seen Price effective from Koha item type
      Munich Library Munich Library Main Section 08/13/2010   M 700 D53 2005 M0685 04/14/2014 04/14/2014 Books

The Usborne introduction to art :

APA

Dickins R., . (20052003). The Usborne introduction to art. New York: Scholastic.

Chicago

Dickins Rosie, . 20052003. The Usborne introduction to art. New York: Scholastic.

Harvard

Dickins R., . (20052003). The Usborne introduction to art. New York: Scholastic.

MLA

Dickins Rosie, . The Usborne introduction to art. New York: Scholastic. 20052003.

  • Place hold
  • Print
  • Cite
  • Add to your cart (remove)
  • Save record
    BIBTEX Dublin Core MARCXML MARC (non-Unicode/MARC-8) MARC (Unicode/UTF-8) MARC (Unicode/UTF-8, Standard) MODS (XML) RIS
  • More searches
    Search for this title in:
    Other Libraries (WorldCat) Other Databases (Google Scholar) Online Stores (Bookfinder.com) Open Library (openlibrary.org)

Exporting to Dublin Core...

SOUTHVILLE LIBRARY

Southville International School and Colleges Library

1281 Tropical Ave. Cor. Luxembourg St., BF Homes International, Las Pinas City

Tel. No. 8256374 / 252358 Loc. 117/146

Powered by Koha